000 00875nam a22002657a 4500
001 BR9701754
003 BR-BrBNA
005 20230928095418.0
007 ta
008 230509b bl.||||| |||| 00| 0 por d
040 _aBR-BrBNA
_bpor
_cBiblioteca Nacional de Agricultura
041 _a(Por)
072 _aQ02
090 _ Q02 BR9701754
100 1 _aAlcarde, A.R.
110 1 _aEscola Superior de Agricultura Luiz de Queiroz, Piracicaba, SP (Brasil)
_0Tese (Mestre em Ciencias)
245 1 _aEfeito da trealose na manutencao da viabilidade de celulas de leveduras desidratadas pelo processo de liofilizacao
260 3 _aPiracicaba, SP (Brasil):
_c1996.
300 _a92 p.
500 _aBibliography p. 62-75; Summaries (Eng, Por); 17 illus.; 19 tables
650 _aLevedo
650 _aLiofilizacao
909 _a202309
_bLucia
_c55
_dLucia Elande
942 _cBK
999 _c56414
_d56414